The seventh child : (Record no. 1307)

000 -LEADER
fixed length control field 01743nam a22004577a 4500
001 - CONTROL NUMBER
control field 2145254
003 - CONTROL NUMBER IDENTIFIER
control field OSt
005 - DATE AND TIME OF LATEST TRANSACTION
control field 20210426095610.0
008 - FIXED-LENGTH DATA ELEMENTS--GENERAL INFORMATION
fixed length control field 981119s1999 nyu 000 0aeng
010 ## - LIBRARY OF CONGRESS CONTROL NUMBER
LC control number 98054109
020 ## - INTERNATIONAL STANDARD BOOK NUMBER
International Standard Book Number 0375406204
040 ## - CATALOGING SOURCE
Original cataloging agency DLC
Transcribing agency DLC
Modifying agency DLC
Language of cataloging eng
041 ## - LANGUAGE CODE
Language code of text/sound track or separate title eng
043 ## - GEOGRAPHIC AREA CODE
Geographic area code n-us-ny
-- n-us-sc
050 00 - LIBRARY OF CONGRESS CALL NUMBER
Classification number F128.68.H3
Item number B39 1999
080 ## - UNIVERSAL DECIMAL CLASSIFICATION NUMBER
Universal Decimal Classification number 92
Item number B-32
082 00 - DEWEY DECIMAL CLASSIFICATION NUMBER
Classification number 974.7/104/092
-- B
Edition number 21
100 1# - MAIN ENTRY--PERSONAL NAME
Personal name Baxter, Freddie Mae.
245 14 - TITLE STATEMENT
Title The seventh child :
Remainder of title a lucky life /
Statement of responsibility, etc. / by: A. A. Knopf
250 ## - EDITION STATEMENT
Edition statement 1st edition
260 ## - PUBLICATION, DISTRIBUTION, ETC.
Place of publication, distribution, etc. New York
Name of publisher, distributor, etc. A. A. Knopf
Date of publication, distribution, etc. 1999.
300 ## - PHYSICAL DESCRIPTION
Extent x, 223 p.
Dimensions 22 cm.
365 ## - TRADE PRICE
Price amount 21 usd
600 10 - SUBJECT ADDED ENTRY--PERSONAL NAME
Personal name Baxter, Freddie Mae.
650 #0 - SUBJECT ADDED ENTRY--TOPICAL TERM
Topical term or geographic name entry element African American women
Geographic subdivision New York (State)
-- New York
General subdivision Biography.
650 #0 - SUBJECT ADDED ENTRY--TOPICAL TERM
Topical term or geographic name entry element Biography
9 (RLIN) 237
650 #0 - SUBJECT ADDED ENTRY--TOPICAL TERM
Topical term or geographic name entry element African Americans
Geographic subdivision New York (State)
-- New York
General subdivision Biography.
650 #0 - SUBJECT ADDED ENTRY--TOPICAL TERM
Topical term or geographic name entry element African American women
Geographic subdivision South Carolina
-- Denmark
General subdivision Biography.
651 #0 - SUBJECT ADDED ENTRY--GEOGRAPHIC NAME
Geographic name Harlem (New York, N.Y.)
General subdivision Biography.
651 #0 - SUBJECT ADDED ENTRY--GEOGRAPHIC NAME
Geographic name Denmark (S.C.)
General subdivision Biography.
653 ## - INDEX TERM--UNCONTROLLED
Uncontrolled term ბიოგრაფია
700 1# - ADDED ENTRY--PERSONAL NAME
Personal name Miller, Gloria Bley.
Relator term Editor
856 42 - ELECTRONIC LOCATION AND ACCESS
Materials specified Contributor biographical information
Uniform Resource Identifier <a href="http://www.loc.gov/catdir/bios/random059/98054109.html">http://www.loc.gov/catdir/bios/random059/98054109.html</a>
856 41 - ELECTRONIC LOCATION AND ACCESS
Materials specified Sample text
Uniform Resource Identifier <a href="http://www.loc.gov/catdir/samples/random042/98054109.html">http://www.loc.gov/catdir/samples/random042/98054109.html</a>
856 42 - ELECTRONIC LOCATION AND ACCESS
Materials specified Publisher description
Uniform Resource Identifier <a href="http://www.loc.gov/catdir/description/random046/98054109.html">http://www.loc.gov/catdir/description/random046/98054109.html</a>
906 ## - LOCAL DATA ELEMENT F, LDF (RLIN)
a 7
b cbc
c orignew
d 1
e ocip
f 19
g y-gencatlg
942 ## - ADDED ENTRY ELEMENTS (KOHA)
Source of classification or shelving scheme
Koha item type Books
Edition 1
Holdings
Withdrawn status Lost status Source of classification or shelving scheme Damaged status Not for loan Permanent location Current location Date acquired Inventory number Total Checkouts Full call number Barcode Date last seen Price effective from Koha item type
          Ken Walker International University Ken Walker International University 02/10/2021 394   92 B-32 394 02/10/2021 02/10/2021 Books
          Ken Walker International University Ken Walker International University 02/10/2021 1351   92 B-32 1351 02/10/2021 02/10/2021 Books

Powered by Koha